Melah Melia : Selamat Tinggal Kawan
| Main Author: | |
|---|---|
| Format: | Book |
| Published: |
Batu Caves, Selangor :
PTS One Sdn.Bhd. ,
2011
|
| Subjects: |
MARC
| LEADER | 00000cam a2200000 7i4500 | ||
|---|---|---|---|
| 001 | 0000095330 | ||
| 005 | 20120621.0 | ||
| 008 | 120621 bm | ||
| 020 | |a 9789675406737 | ||
| 090 | 0 | 0 | |a BF AIN |
| 100 | 1 | |a Ainin Naufal | |
| 245 | 1 | 0 | |a Melah Melia : |b Selamat Tinggal Kawan |c Ainin Naufal |
| 260 | |a Batu Caves, Selangor : |b PTS One Sdn.Bhd. , |c 2011 | ||
| 300 | |a 321p. ; |c 19cm. | ||
| 650 | 0 | 0 | |a Youth Fiction, Malay language |
| 999 | |a 0000127822 |b Buku |c Rak Terbuka |e Perpustakaan Komuniti UTC Melaka | ||
| 999 | |a 0000127823 |b Buku |c Rak Terbuka |e Perpustakaan Komuniti UTC Melaka | ||